<?xml version="1.0" encoding="UTF-8"?><?xml-stylesheet type="text/xsl" href="static/style.xsl"?><OAI-PMH xmlns="http://www.openarchives.org/OAI/2.0/" xmlns:xsi="http://www.w3.org/2001/XMLSchema-instance" xsi:schemaLocation="http://www.openarchives.org/OAI/2.0/ http://www.openarchives.org/OAI/2.0/OAI-PMH.xsd"><responseDate>2026-06-06T02:40:15Z</responseDate><request verb="GetRecord" identifier="oai:riuma.uma.es:10630/30620" metadataPrefix="marc">https://riuma.uma.es/rest/oai/request</request><GetRecord><record><header><identifier>oai:riuma.uma.es:10630/30620</identifier><datestamp>2026-02-03T10:24:28Z</datestamp><setSpec>com_10630_1685</setSpec><setSpec>col_10630_38055</setSpec></header><metadata><record xmlns="http://www.loc.gov/MARC21/slim" xmlns:dcterms="http://purl.org/dc/terms/" xmlns:doc="http://www.lyncode.com/xoai" xmlns:xsi="http://www.w3.org/2001/XMLSchema-instance" xsi:schemaLocation="http://www.loc.gov/MARC21/slim http://www.loc.gov/standards/marcxml/schema/MARC21slim.xsd">
   <leader>00925njm 22002777a 4500</leader>
   <datafield ind2=" " ind1=" " tag="042">
      <subfield code="a">dc</subfield>
   </datafield>
   <datafield ind2=" " ind1=" " tag="720">
      <subfield code="a">Núñez Jiménez, Laura</subfield>
      <subfield code="e">author</subfield>
   </datafield>
   <datafield ind2=" " ind1=" " tag="260">
      <subfield code="c">2024</subfield>
   </datafield>
   <datafield ind2=" " ind1=" " tag="520">
      <subfield code="a">Hoy en día la inteligencia artificial es uno de los conceptos más importantes en el&#xd;
avance tecnológico. Es una herramienta aplicada en diversos campos de la industria,&#xd;
de la agricultura y también en el ámbito de la medicina. El objetivo fundamental de la&#xd;
IA, en el ámbito de la salud, es mejorar la atención médica. En este proyecto, la&#xd;
atención de los neonatos presenta desafíos únicos que pueden abordarse con éxito&#xd;
mediante la integración de la inteligencia artificial. Los neonatos, bebés nacidos antes&#xd;
de terminar el proceso de maduración, requieren una atención medica especial y&#xd;
también un seguimiento a medida que el prematuro crece en sus primeros años de vida,&#xd;
debido a las posibles complicaciones de salud asociadas o secuelas que pueden&#xd;
desarrollarse a lo largo de su vida. Esta investigación pretende que algoritmos de&#xd;
Machine Learning (o Aprendizaje Automático) puedan detectar patrones de secuelas&#xd;
antes de los 24 meses de vida con datos médicos recogidos en el momento del nacimiento&#xd;
del bebé. Esto permitirá a los médicos que evalúen el riesgo de complicaciones,&#xd;
permitiendo intervenciones preventivas y personalizadas. Se llevará a cabo la&#xd;
investigación de cuatro tipo de secuelas que ayudarán a la Sociedad Española de&#xd;
Neonatología a encontrar si existe alguna correlación entre los datos médicos recogidos&#xd;
al nacimiento y las secuelas observadas en el seguimiento a los dos años de vida. En&#xd;
cada caso se aplicará 4 tipos de estrategias diferentes encabezadas por dos técnicas,&#xd;
extracción de atributos mediando el análisis de componente principales y selección de&#xd;
características relevantes mediante la clase SelectKBest de la librería de scikit-learn.&#xd;
Finalmente, se llevará acabo el entrenamiento de dos modelos Random Forest y&#xd;
XGBoost. En conclusión, la implementación de Machine Learning en la atención a&#xd;
prematuros ha demostrado ser una innovación prometedora para optimizar el cuidado&#xd;
médico en estos bebés y ...</subfield>
   </datafield>
   <datafield ind1="8" ind2=" " tag="024">
      <subfield code="a">https://hdl.handle.net/10630/30620</subfield>
   </datafield>
   <datafield tag="653" ind2=" " ind1=" ">
      <subfield code="a">Aprendizaje automático (Inteligencia artificial)</subfield>
   </datafield>
   <datafield tag="653" ind2=" " ind1=" ">
      <subfield code="a">Informática - Trabajos Fin de Grado</subfield>
   </datafield>
   <datafield tag="653" ind2=" " ind1=" ">
      <subfield code="a">Grado en Ingeniería de la Salud - Trabajos Fin de Grado</subfield>
   </datafield>
   <datafield tag="653" ind2=" " ind1=" ">
      <subfield code="a">Neonatología - Proceso de datos</subfield>
   </datafield>
   <datafield ind2="0" ind1="0" tag="245">
      <subfield code="a">Técnicas de Machine Learning para la predicción de síntomas a los dos años de vida en bebés prematuros.</subfield>
   </datafield>
</record>
</metadata></record></GetRecord></OAI-PMH>